000 04282cam a2200433 a 4500
999 _c28402
_d28402
001 15849310
003 BDDh-ASL
005 20231015030921.0
008 170615m20072009bg ab be 001 0 b
010 _a 2009346463
020 _z9843000002860 (set)
025 _aB-E-2009-346463; 17
037 _bLibrary of Congress -- New Delhi Overseas Office
_cTk500 (v. 1 : varies)
040 _aDLC
_cBDDh-ASL
_dBDDh-ASL
042 _alcode
_apcc
043 _aa-bg---
050 0 0 _aQK358.7
_b.E53 2007
082 _a503
_bBAN
245 0 0 _aবাংলাদেশ উদ্ভিদ ও প্রাণী জ্ঞানকোষ, Vol.-24, সামুদ্রিক মাছ /
_cপ্রধান সম্পাদক, জিয়া উদ্দিন আহমেদ ; সম্পাদক, উদ্ভিদ, জেড এন তাহমিদা বেগম, মো: আবুল হাসান, মুনিরুজ্জামান খন্দকার; ; প্রাণী, সৈয়দ মোহাম্মদ হুমায়ুন কবির ... [et al.].
246 3 0 _aBangladesh Udvid O Prani Gayankosh, Encyclopedia of flora and fauna of Bangladesh
260 _aঢাকা :
_bবাংলাদেশ এশিয়াটিক সোসাইটি ,
_c২০০৭-<২০০৯>
300 _aভলিউম. <১-২৮> :
_bরঙ্গিন ছবি, ম্যাপ ;
_c২৫ সে. মি.
440 _aAsiatic Society of Bangladesh publication;
_vno. 104
_9312
500 _aEditors vary in some volumes.
504 _aIncludes bibliographical references and index.
505 1 _av. 1. Bangladesh profile -- v. 2. Cyanobacteria, bacteria, and fungi -- v. 3. Algae: Chlorophyta (Aphanochaetaceae-Zygnemataceae) -- v. 4. Algae: Charophyta-Rhodophyta (Achnanthaceae-Vaucheriaceae) -- v. 5. Bryophytes, Pteridophytes, and Gymnosperms -- v. 6. Angiosperms: Dicotyledons (Acanthaceae-Asteraceae) -- v. 7. Angiosperms: Dicotyledons (Balsaminaceae-Euphorbiaceae) -- v. 8. Angiosperms: Dicotyledons (Fabaceae-Lythraceae) -- v. 9. Angiosperms: Dicotyledons Magnoliaceae-Punicaceae -- v. 10. Angiosperms: Dicotyledons Renunculaceae-Zygophyllaceae -- v. 11. Angiosperms: Monocotyledons Agavaceae-Najadaceae -- v. 12. Angiosperms: Monocotyledons, Orchidaceae-Zingiberaceae -- v. 13. Cumulative index flora -- v. 14. Protozoa to Gastrotricha -- v. 15. Platyhelminthes and Nematoda -- v. 16. Annelida Echinodermata Acanthocephala and minor phyla -- v. 17. Molluscs -- v. 18., pt. 1. Arthropoda: Archnida -- v. 18, pt. 2. Arthropoda: Crustacea -- v. 19. Arthropoda: Insecta I (Apterygota and Pterygota (Part)) -- v. 20. Arthropoda: Insecta II (Pterygota orders, Homoptera, Hemiptera Thysanoptera) -- v. 21. Arthropoda: Insceta III Pterygota (part), Pterygota orders, Neuroptera, Mecoptera, Lepidoptera, Trichoptera, Diptera, Siphonaptera -- v. 22. Anthropoda insecta IV -- v. 23. Freshwater fishes -- v. 24. Marine fishes -- v. 25. Ambhibians and reptiles -- v. 26. Birds -- v. 28. Cumulative index fauna
650 0 _aPlants
_zBangladesh
_vEncyclopedias.
_9421
650 0 _aAnimals
_zBangladesh
_vEncyclopedias.
_9422
700 1 _aআহমেদ, জিয়া উদ্দিন
_9428
700 1 _aবেগম, জেড এন তাহমিদা
_9429
700 1 _aহাসান, মোহাম্মদ আবুল
_9430
700 1 _aখন্দকার, মুনিরুজ্জামান
_9431
700 1 _aকবির, সৈয়দ মোহাম্মদ হুমায়ুন
_9432
710 2 _aবাংলাদেশ এশিয়াটিক সোসাইটি
_9433
906 _a7
_bcbc
_corigode
_d2
_encip
_f20
_gy-gencatlg
942 _2ddc
_cBK